Two Clues: 'C' Words Quiz Stats

 Plays Quiz Updated Jul 13, 2013

Challenge
Share
Tweet
Embed
Score 0/22 Timer 03:00
1 Play Today
Two Clues 'C' Word % Correct
Cuckoo or alarmClock
95.7%
Siamese or Oriental LonghairCat
93.6%
Ace or JackCard
91.5%
'Scooby-Doo, Where Are You!' or 'The Jetsons'Cartoon
91.4%
Dracula or ChoculaCount
90.8%
Brie or CamembertCheese
90.4%
Jamie Lee or TonyCurtis
90.1%
'Away in the Manger' or 'Silent Night'Carol
87.3%
Sanders or MustardColonel
86.8%
Angel food or poundCake
86%
Sacramento or TopekaCapital
85.7%
Two Clues 'C' Word % Correct
Saltine or oysterCracker
85.3%
Crunch or KangarooCaptain
84.8%
Bellagio or Caesars PalaceCasino
84.6%
Bozo or ClarabellClown
79.8%
Berber or shagCarpet
79.4%
Nudist or penalColony
76.2%
Brontë or RamplingCharlotte
70.2%
Anthony Bourdain or Tom ColicchioChef
66.7%
Yeager or BerryChuck
65.1%
Cheeta or BonzoChimpanzee
34.3%
Alvin Ailey or Martha GrahamChoreographer
24.3%

You're not logged in!

Compare scores with friends on all Sporcle quizzes.
Join for Free
OR
Log In

You Might Also Like...

Show Comments

Extras

Top Quizzes Today


Score Distribution

Your Account Isn't Verified!

In order to create a playlist on Sporcle, you need to verify the email address you used during registration. Go to your Sporcle Settings to finish the process.

Report this User

Report this user for behavior that violates our Community Guidelines.

Details: